[Event "Nis op"]
[Site "Nis"]
[Date "2011.05.30"]
[Round "6"]
[White "Kajganovic, Miodrag"]
[Black "Milovanovic, Srboljub"]
[Result "1-0"]
[WhiteElo "2253"]
[BlackElo "2192"]
[PlyCount "155"]
[EventDate "2011.05.24"]
[EventType "swiss"]
[EventRounds "9"]
[EventCountry "SRB"]
[SourceTitle "CBM 142 Extra"]
[Source "ChessBase"]
[SourceDate "2011.06.27"]
[SourceVersion "1"]
[SourceVersionDate "2011.06.27"]
[SourceQuality "1"]

1. d4 Nf6 2. Bg5 c5 3. dxc5 e6 4. Nd2 Bxc5 5. e3 d5 6. Ngf3 0-0 7. c4 Be7 8. Qc2 Nbd7 9. Be2 h6 10. Bh4 a6 11. 0-0 Re8 12. Rfd1 b6 13. e4 Nxe4 14. Nxe4 dxe4 15. Qxe4 Ra7 16. Bg3 Bb7 17. Qe3 Bxf3 18. Qxf3 Qc8 19. Bf4 Rd8 20. Qg3 Kf8 21. Be3 Bc5 22. Bd2 Nf6 23. Qh4 Rd4 24. Qh3 Rad7 25. Bc3 Rxd1+ 26. Bxd1 Ne4 27. Be1 Qd8 28. Qg4 Rd4 29. Qe2 a5 30. a3 Nd2 31. b3 Kg8 32. Kh1 Qd6 33. f3 e5 34. Bg3 f6 35. Bf2 Rd3 36. Bc2 Nxb3 37. Bxc5 bxc5 38. Rb1 Rd2 39. Qe4 a4 40. h3 Qd4 41. Qg6 Kf8 42. Qh7 Qxc4 43. Be4 Qe6 44. Bf5 Qg8 45. Qg6 Qf7 46. Qg3 Qd5 47. Be4 Rd1+ 48. Kh2 Qd4 49. Rxd1 Qxd1 50. Qg4 Qd2 51. Qc8+ Ke7 52. Qc7+ Qd7 53. Qb6 f5 54. Bc6 Qd6 55. Qb7+ Kf6 56. Bd5 e4+ 57. Kh1 exf3 58. Qf7+ Ke5 59. Bxf3 g5 60. Qe8+ Kf4 61. Qxa4+ Nd4 62. Qd1 c4 63. Qc1+ Ke5 64. Qxc4 Nxf3 65. Qe2+ Kf6 66. Qxf3 Qd4 67. Qc6+ Kg7 68. a4 f4 69. Qc7+ Kg6 70. a5 Kh5 71. Qf7+ Kh4 72. Qe6 f3 73. gxf3 Qd1+ 74. Kg2 Qd2+ 75. Kf1 Qd3+ 76. Qe2 Qa3 77. a6 Qa5 78. Qe1+ 1-0

[Event "Nis op"]
[Site "Nis"]
[Date "2011.05.25"]
[Round "2"]
[White "Kajganovic, Miodrag"]
[Black "Mladenovic, Stefan"]
[Result "1/2-1/2"]
[WhiteElo "2253"]
[BlackElo "2124"]
[PlyCount "99"]
[EventDate "2011.05.24"]
[EventType "swiss"]
[EventRounds "9"]
[EventCountry "SRB"]
[SourceTitle "CBM 142 Extra"]
[Source "ChessBase"]
[SourceDate "2011.06.27"]
[SourceVersion "1"]
[SourceVersionDate "2011.06.27"]
[SourceQuality "1"]

1. d4 Nf6 2. Bg5 d5 3. e3 e6 4. Nd2 c5 5. c3 h6 6. Bh4 Nbd7 7. Ngf3 Bd6 8. Bd3 0-0 9. e4 cxd4 10. Bxf6 Qxf6 11. cxd4 dxe4 12. Nxe4 Bb4+ 13. Kf1 Qe7 14. Qe2 Rd8 15. h4 Nf6 16. h5 b6 17. Nxf6+ Qxf6 18. Qe4 Rb8 19. Rc1 Qf5 20. Qe3 Qd5 21. Bc4 Qa5 22. Ne5 Bd2 23. Qf3 Rf8 24. Rd1 Bg5 25. Nc6 Bb7 26. Nxa5 Bxf3 27. gxf3 bxa5 28. b3 a4 29. Ke2 axb3 30. axb3 Rfe8 31. Ra1 Re7 32. Rhd1 Rd8 33. Ra4 Bf6 34. Ke3 Red7 35. Be2 Rd5 36. f4 a5 37. Rd3 g6 38. Bf3 Rb5 39. hxg6 fxg6 40. Bg4 Kf7 41. Rc4 Rd6 42. Rc7+ Be7 43. Rdc3 Rbd5 44. R3c4 Rd7 45. Rxd7 Rxd7 46. Rc6 Rd6 47. Rc7 h5 48. Be2 Kf6 49. Rc5 Rb6 50. Rb5 1/2-1/2

[Event "Nis op"]
[Site "Nis"]
[Date "2011.05.24"]
[Round "1"]
[White "Rancic, Danijela"]
[Black "Kajganovic, Miodrag"]
[Result "0-1"]
[WhiteElo "1892"]
[BlackElo "2253"]
[PlyCount "96"]
[EventDate "2011.05.24"]
[EventType "swiss"]
[EventRounds "9"]
[EventCountry "SRB"]
[SourceTitle "CBM 142 Extra"]
[Source "ChessBase"]
[SourceDate "2011.06.27"]
[SourceVersion "1"]
[SourceVersionDate "2011.06.27"]
[SourceQuality "1"]

1. Nc3 Nf6 2. e4 d5 3. e5 Nfd7 4. f4 e6 5. Nf3 c5 6. d4 a6 7. Be3 Nc6 8. Be2 cxd4 9. Nxd4 Bc5 10. Nxc6 bxc6 11. Bxc5 Nxc5 12. b4 Nd7 13. Qd4 a5 14. b5 c5 15. Qa4 0-0 16. f5 Nxe5 17. Qf4 Nd7 18. Bg4 Qh4+ 19. g3 Qf6 20. Qd2 Qe5+ 21. Kf2 Qd4+ 22. Qxd4 cxd4 23. Ne2 Nf6 24. Bf3 e5 25. g4 e4 26. Bg2 Nxg4+ 27. Kg3 Ne3 28. Nxd4 Nxf5+ 29. Nxf5 Bxf5 30. Kf4 Be6 31. c4 Rac8 32. cxd5 Bxd5 33. Rhd1 Rc5 34. a4 g5+ 35. Ke5 Bb3+ 36. Kd6 Rc4 37. Rdc1 Rd4+ 38. Kc7 Bxa4 39. Rxa4 Rxa4 40. b6 Rb4 41. Rc5 f5 42. Rxa5 Rf7+ 43. Kc6 Rf6+ 44. Kc7 Rbxb6 45. Rxf5 Rxf5 46. Kxb6 e3 47. Bh3 Rf6+ 48. Kc5 e2 0-1

[Event "SRB-chT2 East"]
[Site "Pozarevac"]
[Date "2009.10.08"]
[Round "6.2"]
[White "Kajganovic, Miodrag"]
[Black "Popovic, Djordje D"]
[Result "0-1"]
[WhiteElo "2283"]
[BlackElo "2308"]
[PlyCount "111"]
[EventDate "2009.09.06"]
[EventType "team"]
[EventRounds "11"]
[EventCountry "SRB"]
[SourceTitle "EXT 2012"]
[Source "ChessBase"]
[SourceDate "2011.11.24"]
[SourceVersion "1"]
[SourceVersionDate "2011.11.24"]
[SourceQuality "1"]

1. Nf3 c5 2. g3 b6 3. Bg2 Bb7 4. 0-0 Nf6 5. c4 e6 6. d4 cxd4 7. Nxd4 Bxg2 8. Kxg2 a6 9. b3 Qc7 10. Bb2 d6 11. Nd2 Qb7+ 12. Kg1 Nbd7 13. e3 Rc8 14. Qe2 Be7 15. Rac1 0-0 16. Rfd1 Rfd8 17. Qf3 Qc7 18. Nf1 Ne5 19. Qg2 Nfd7 20. f4 Ng4 21. h3 Ngf6 22. g4 g6 23. f5 e5 24. g5 exd4 25. gxf6 Bxf6 26. exd4 Bg7 27. Ne3 Nf6 28. Ng4 Nxg4 29. hxg4 Re8 30. Re1 Re7 31. Re2 Rce8 32. Rce1 b5 33. cxb5 axb5 34. Kf1 Rxe2 35. Rxe2 Rxe2 36. Qxe2 Qc6 37. Ke1 Kf8 38. d5 Qxd5 39. f6 Qh1+ 40. Kd2 Bh6+ 41. Kc2 Qc6+ 42. Kb1 Qh1+ 43. Kc2 Qc6+ 44. Kb1 Qe8 45. Qd3 Bf4 46. a4 bxa4 47. bxa4 Qxa4 48. Ba3 Qc6 49. Qe2 Qb7+ 50. Kc2 Qc8+ 51. Kb3 Qe6+ 52. Qc4 Qxf6 53. Qc8+ Kg7 54. Qc7 Be5 55. g5 Qxg5 56. Bxd6 0-1

[Event "Nis op"]
[Site "Nis"]
[Date "2009.03.25"]
[Round "1"]
[White "Lazarevic, Zoran"]
[Black "Kajganovic, Miodrag"]
[Result "0-1"]
[WhiteElo "2102"]
[BlackElo "2262"]
[PlyCount "88"]
[EventDate "2009.03.25"]
[EventType "swiss"]
[EventRounds "9"]
[EventCountry "YUG"]
[SourceTitle "CBM 129 Extra"]
[Source "ChessBase"]
[SourceDate "2009.05.05"]
[SourceVersion "2"]
[SourceVersionDate "2009.05.20"]
[SourceQuality "1"]

1. e4 c5 2. Nf3 d6 3. d4 cxd4 4. Nxd4 Nf6 5. Nc3 g6 6. Be2 Bg7 7. Be3 Nc6 8. Qd2 Ng4 9. Bxg4 Bxg4 10. 0-0 Ne5 11. b3 Rc8 12. f3 Bd7 13. Nce2 h5 14. c4 a6 15. h3 h4 16. Rad1 b5 17. f4 Nc6 18. cxb5 Nxd4 19. Bxd4 e5 20. fxe5 dxe5 21. Be3 axb5 22. Kh2 f6 23. Nc3 0-0 24. Qd5+ Kh8 25. Nxb5 Bc6 26. Qxd8 Rcxd8 27. Nd6 Ra8 28. Rd2 Rfb8 29. Rc1 Ra6 30. Bf2 Kg8 31. Rdc2 Bd7 32. Nc8 Bh6 33. Rd1 Rxc8 34. Rxc8+ Bxc8 35. Rd8+ Kf7 36. Rxc8 Bf4+ 37. Kh1 Rxa2 38. Bg1 Ra1 39. Rc3 Bg3 40. b4 Bf2 41. g4 Rxg1+ 42. Kh2 Rb1 43. g5 Bg3+ 44. Kg2 Rb2+ 0-1

[Event "SRB-chT2 East"]
[Site "Serbia"]
[Date "2007.10.19"]
[Round "9.3"]
[White "Kajganovic, Miodrag"]
[Black "Popovic, Djordje D"]
[Result "0-1"]
[WhiteElo "2271"]
[BlackElo "2262"]
[PlyCount "111"]
[EventDate "2007.09.09"]
[EventType "team"]
[EventRounds "11"]
[EventCountry "SRB"]
[SourceTitle "EXT 2012"]
[Source "ChessBase"]
[SourceDate "2011.11.24"]
[SourceVersion "1"]
[SourceVersionDate "2011.11.24"]
[SourceQuality "1"]
[WhiteTeam "Celin Kamen"]
[BlackTeam "Jagodina Kablovi"]
[WhiteTeamCountry "SRB"]
[BlackTeamCountry "SRB"]

1. e4 c5 2. Nf3 d6 3. c3 Nf6 4. Bc4 Nc6 5. Qe2 g6 6. e5 dxe5 7. Nxe5 Nxe5 8. Qxe5 b6 9. 0-0 Bg7 10. Re1 e6 11. Bb5+ Bd7 12. Bf1 0-0 13. d3 h6 14. Qe2 Nd5 15. Na3 e5 16. g3 Bc6 17. Bg2 Qd7 18. Bd2 Rad8 19. Rad1 Rfe8 20. Nc2 Bb7 21. c4 Ne7 22. Bxb7 Qxb7 23. Bc3 Nf5 24. Qe4 Qd7 25. b3 h5 26. Qg2 Re6 27. Bb2 Rd6 28. Bc1 Rxd3 29. Rxd3 Qxd3 30. Ne3 Nxe3 31. Bxe3 e4 32. Bg5 Re8 33. Qf1 Qxf1+ 34. Kxf1 Bd4 35. Ke2 f5 36. h4 Kf7 37. Rb1 Rc8 38. Rd1 Rc7 39. Rd2 Ke6 40. Bf4 Rd7 41. Rd1 Bc3 42. Rc1 Rd3 43. Rc2 Kd7 44. Rc1 Bd4 45. Rf1 Rc3 46. Rc1 Rf3 47. Rf1 a5 48. Bd2 Kc6 49. Bf4 a4 50. bxa4 Ra3 51. Rd1 Rxa2+ 52. Rd2 Rxa4 53. Rc2 Ra3 54. Bd2 Rf3 55. Be1 Rb3 56. Kf1 0-1

[Event "SRB-chT2 East"]
[Site "Serbia"]
[Date "2007.10.07"]
[Round "5.1"]
[White "Kajganovic, Miodrag"]
[Black "Manojlovic, Nebojsa"]
[Result "1-0"]
[WhiteElo "2271"]
[BlackElo "2168"]
[PlyCount "101"]
[EventDate "2007.09.09"]
[EventType "team"]
[EventRounds "11"]
[EventCountry "SRB"]
[SourceTitle "EXT 2012"]
[Source "ChessBase"]
[SourceDate "2011.11.24"]
[SourceVersion "1"]
[SourceVersionDate "2011.11.24"]
[SourceQuality "1"]
[WhiteTeam "Celin Kamen"]
[BlackTeam "Leskovac Glubocica"]
[WhiteTeamCountry "SRB"]
[BlackTeamCountry "SRB"]

1. e4 d5 2. exd5 Qxd5 3. Nc3 Qa5 4. Bc4 Nf6 5. d3 c6 6. Nf3 Bg4 7. h3 Bh5 8. g4 Bg6 9. Qe2 e6 10. Bd2 Bb4 11. 0-0-0 Nd5 12. Nxd5 Bxd2+ 13. Nxd2 cxd5 14. Nb3 Qd8 15. Bb5+ Nc6 16. h4 h5 17. Nc5 Qe7 18. Bxc6+ bxc6 19. d4 hxg4 20. Qxg4 Qf6 21. h5 Qf5 22. Qxf5 Bxf5 23. Rdg1 Rh7 24. h6 g6 25. Rg3 Ke7 26. Ra3 g5 27. Ra6 Kd6 28. Nb7+ Kc7 29. Na5 Rah8 30. Rxc6+ Kb8 31. Rc3 Rxh6 32. Nc6+ Kb7 33. Rxh6 Rxh6 34. Nd8+ Kb6 35. Nxf7 Rh1+ 36. Kd2 g4 37. Nd6 Rh2 38. Ke2 Bg6 39. b4 a6 40. a4 Rh3 41. a5+ Ka7 42. Rc7+ Kb8 43. Rc8+ Ka7 44. Rc7+ Kb8 45. Rc6 Ka7 46. b5 axb5 47. Nxb5+ Kb8 48. a6 Rh8 49. Rb6+ Ka8 50. Rb7 Rc8 51. Nc7+ 1-0

[Event "Nis-ch"]
[Site "Nis"]
[Date "2006.08.28"]
[Round "4"]
[White "Kajganovic, Miodrag"]
[Black "Stojkovic, Zoran"]
[Result "1-0"]
[WhiteElo "2250"]
[BlackElo "2078"]
[PlyCount "65"]
[EventDate "2006.08.25"]
[EventType "swiss"]
[EventRounds "8"]
[EventCountry "YUG"]
[SourceTitle "EXT 2023"]
[Source "ChessBase"]
[SourceDate "2022.10.05"]
[SourceVersion "1"]
[SourceVersionDate "2022.10.05"]
[SourceQuality "1"]

1. Nf3 d6 2. c4 c6 3. g3 g6 4. Bg2 Bg7 5. d4 Nd7 6. 0-0 Ngf6 7. Nc3 0-0 8. e4 Qc7 9. h3 e5 10. Be3 Re8 11. Qc2 Nf8 12. Rac1 Qe7 13. Rfd1 h6 14. b4 Ne6 15. d5 cxd5 16. cxd5 Nf8 17. Nb5 Bd7 18. Nxa7 Rxa7 19. Bxa7 Ra8 20. Be3 Ba4 21. Qc4 b5 22. Qc6 Re8 23. Re1 Nxe4 24. Nxe5 Qxe5 25. Bxe4 Qxe4 26. Bd2 Qd3 27. Qxe8 Qxd2 28. Rc7 Qxd5 29. Ree7 Kh7 30. Rxf7 Ne6 31. Rfe7 Qxa2 32. Rxe6 Bb3 33. Qxg6+ 1-0

[Event "Nisa Seniorsko op"]
[Site "Nisa"]
[Date "2003.04.12"]
[Round "4"]
[White "Kajganovic, Miodrag"]
[Black "Milovanovic, Srboljub"]
[Result "0-1"]
[WhiteElo "2269"]
[BlackElo "2189"]
[PlyCount "102"]
[EventDate "2003.04.09"]
[EventType "swiss"]
[EventRounds "9"]
[EventCountry "YUG"]
[SourceTitle "EXT 2004"]
[Source "ChessBase"]
[SourceDate "2003.11.25"]
[SourceVersion "1"]
[SourceVersionDate "2003.11.25"]
[SourceQuality "1"]

1. e4 c5 2. Nf3 Nc6 3. c3 d5 4. exd5 Qxd5 5. d4 Bg4 6. Be2 cxd4 7. cxd4 e6 8. h3 Bh5 9. Nc3 Qd8 10. 0-0 Bd6 11. Qb3 Qb8 12. g4 Bg6 13. d5 exd5 14. Nxd5 Nge7 15. Nxe7 Bxe7 16. Be3 0-0 17. Nd4 Be4 18. Rfd1 Nxd4 19. Bxd4 Bc6 20. Qe3 Qe8 21. Bf3 Bxf3 22. Qxf3 Qb5 23. Qe3 Rfe8 24. a4 Qc6 25. Rdc1 Qd7 26. Rd1 Qc6 27. Qc3 Qg6 28. Qd3 Qe6 29. Qf3 Qa6 30. b3 Bf8 31. Be3 Rad8 32. Rac1 Bd6 33. Rd5 Bb8 34. Rcd1 Rxd5 35. Qxd5 Qg6 36. Qxb7 h5 37. Qb5 Qe6 38. gxh5 a6 39. Qd7 Qe5 40. Rd5 Qh2+ 41. Kf1 Rf8 42. Rg5 Qh1+ 43. Rg1 Qe4 44. Rg4 Qh1+ 45. Ke2 Be5 46. Rc4 Qa8 47. Qc6 Qb8 48. Re4 Qxb3 49. Qxa6 Rd8 50. Kf3 Qd1+ 51. Qe2 Qh1+ 0-1

[Event "YUG-chT"]
[Site "Vrnjacka Banja"]
[Date "1998.??.??"]
[Round "2"]
[White "Kajganovic, Miodrag"]
[Black "Ivanisevic, Ivan"]
[Result "0-1"]
[WhiteElo "2280"]
[BlackElo "2460"]
[PlyCount "64"]
[EventDate "1998.08.??"]
[EventType "team"]
[EventRounds "11"]
[EventCountry "YUG"]
[SourceTitle "EXT 2002"]
[Source "ChessBase"]
[SourceDate "2001.11.25"]
[SourceVersion "1"]
[SourceVersionDate "2001.11.25"]
[SourceQuality "1"]

1. e4 c5 2. Nf3 d6 3. c3 Nf6 4. Bd3 Nc6 5. 0-0 g6 6. h3 Bg7 7. Bc2 0-0 8. Re1 e5 9. d4 Qc7 10. d5 Ne7 11. Nxe5 dxe5 12. d6 Qd8 13. dxe7 Qxe7 14. Nd2 Ne8 15. Nf1 Be6 16. Ne3 Rd8 17. Qe2 Nd6 18. f3 f5 19. exf5 gxf5 20. f4 e4 21. Bb3 Qf7 22. Bxe6 Qxe6 23. g4 Kh8 24. g5 Nf7 25. h4 Rd3 26. h5 Nxg5 27. fxg5 f4 28. h6 Be5 29. Qh5 fxe3 30. Bxe3 Bf4 31. Bxc5 Rg3+ 32. Kf2 Bd6+ 0-1

[Event "YUG-chT"]
[Site "Vrnjacka Banja"]
[Date "1998.??.??"]
[Round "8"]
[White "Kajganovic, Miodrag"]
[Black "Markovic, Ivan"]
[Result "1/2-1/2"]
[WhiteElo "2280"]
[BlackElo "2445"]
[PlyCount "90"]
[EventDate "1998.08.??"]
[EventType "team"]
[EventRounds "11"]
[EventCountry "YUG"]
[SourceTitle "EXT 2002"]
[Source "ChessBase"]
[SourceDate "2001.11.25"]
[SourceVersion "1"]
[SourceVersionDate "2001.11.25"]
[SourceQuality "1"]

1. e4 d6 2. d4 g6 3. c4 Bg7 4. Nc3 Nf6 5. f3 0-0 6. Be3 Nc6 7. Nge2 a6 8. Qd2 e5 9. d5 Ne7 10. Ng3 h5 11. h4 Bd7 12. Bd3 c6 13. Nf1 b5 14. b3 b4 15. Nd1 cxd5 16. Qxb4 dxe4 17. fxe4 Be6 18. Nf2 Nc6 19. Qd2 Nd4 20. Ng3 Ng4 21. Nxg4 Bxg4 22. Ne2 Bf6 23. Bf2 Ne6 24. 0-0-0 a5 25. Rdf1 Bxe2 26. Bxe2 Nd4 27. g4 a4 28. b4 hxg4 29. Bxg4 Bg7 30. Kb1 f5 31. exf5 gxf5 32. Bxd4 fxg4 33. Be3 Qd7 34. Qd5+ Kh8 35. a3 Rac8 36. c5 Qb5 37. Rd1 Rf3 38. Rhe1 dxc5 39. Qe6 Rcf8 40. Bxc5 Rb3+ 41. Kc2 Re8 42. Qxg4 e4 43. Qh5+ Kg8 44. Qd5+ Kh8 45. Qh5+ Kg8 1/2-1/2

[Event "YUG-chT"]
[Site "Vrnjacka Banja"]
[Date "1998.??.??"]
[Round "1"]
[White "Kovacevic, Aleksandar"]
[Black "Kajganovic, Miodrag"]
[Result "1-0"]
[WhiteElo "2515"]
[BlackElo "2280"]
[PlyCount "59"]
[EventDate "1998.08.??"]
[EventType "team"]
[EventRounds "11"]
[EventCountry "YUG"]
[SourceTitle "EXT 2002"]
[Source "ChessBase"]
[SourceDate "2001.11.25"]
[SourceVersion "1"]
[SourceVersionDate "2001.11.25"]
[SourceQuality "1"]

1. e4 e6 2. d4 d5 3. Nc3 Bb4 4. e5 Ne7 5. a3 Bxc3+ 6. bxc3 b6 7. Qg4 Ng6 8. a4 0-0 9. Nf3 Ba6 10. Bxa6 Nxa6 11. h4 f5 12. exf6 Qxf6 13. h5 Ne7 14. h6 g6 15. 0-0 Nc6 16. Ng5 e5 17. Qd7 Ne7 18. Bd2 Rae8 19. Rae1 e4 20. f3 Qc6 21. Qxc6 Nxc6 22. fxe4 Rxf1+ 23. Kxf1 dxe4 24. Nxe4 Rf8+ 25. Ke2 Nab8 26. g3 Ne7 27. Bg5 Nd7 28. Bxe7 Re8 29. Kf3 Rxe7 30. Nf6+ 1-0

[Event "Nis op"]
[Site "Nis"]
[Date "1997.??.??"]
[Round "5"]
[White "Kajganovic, Miodrag"]
[Black "Panchenko, Alexandar G"]
[Result "0-1"]
[WhiteElo "2280"]
[BlackElo "2425"]
[PlyCount "146"]
[EventDate "1997.??.??"]
[EventType "swiss"]
[EventRounds "11"]
[EventCountry "YUG"]
[SourceTitle "EXT 2002"]
[Source "ChessBase"]
[SourceDate "2001.11.25"]
[SourceVersion "1"]
[SourceVersionDate "2001.11.25"]
[SourceQuality "1"]

1. e4 Nf6 2. Nc3 d5 3. exd5 Nxd5 4. Bc4 Nb6 5. Bb3 Nc6 6. Qf3 e6 7. Nge2 Na5 8. d4 Nxb3 9. axb3 Nd5 10. Nxd5 Qxd5 11. Qg3 Qe4 12. c3 Bd7 13. f3 Qg6 14. Qxg6 hxg6 15. Bf4 c5 16. Be3 cxd4 17. Bxd4 a6 18. 0-0 f6 19. Rfe1 Bd6 20. h3 Bc7 21. Bf2 g5 22. Bg3 e5 23. c4 Kf7 24. Nc3 Bc6 25. Bf2 Rhd8 26. Red1 Ke6 27. Kf1 Rxd1+ 28. Rxd1 Rd8 29. Rxd8 Bxd8 30. Ke2 Be7 31. Bb6 f5 32. Ke3 g6 33. Kd3 g4 34. hxg4 fxg4 35. Ke2 gxf3+ 36. gxf3 Kf5 37. Bc7 Bc5 38. Nd5 Bxd5 39. cxd5 Bd4 40. Kd3 Bxb2 41. b4 b5 42. Bb6 Bc1 43. Ba5 Bh6 44. Bc7 Bf8 45. Kc3 Bg7 46. Kd3 Bf6 47. Ke3 Be7 48. d6 Bg5+ 49. Kd3 Ke6 50. d7 Kxd7 51. Bxe5 Ke6 52. Bc3 Kd5 53. Be1 Bd8 54. Bc3 Kc6 55. Ke4 Bc7 56. Bd2 Kb7 57. Kd5 a5 58. bxa5 Ka6 59. Ke6 Bxa5 60. Bc1 b4 61. Kd5 Kb5 62. Kd4 Bd8 63. Kd3 Bf6 64. Kc2 Kc4 65. Bh6 b3+ 66. Kb1 Kd3 67. f4 Ke4 68. Kc1 Kf3 69. Kb1 Bd4 70. Bg5 Bg7 71. Kc1 Kg4 72. Kb1 Kf5 73. Kc1 Be5 0-1

[Event "Nis op"]
[Site "Nis"]
[Date "1997.??.??"]
[Round "2"]
[White "Kajganovic, Miodrag"]
[Black "Sahovic, Dragutin"]
[Result "1/2-1/2"]
[WhiteElo "2280"]
[BlackElo "2425"]
[PlyCount "37"]
[EventDate "1997.??.??"]
[EventType "swiss"]
[EventRounds "11"]
[EventCountry "YUG"]
[SourceTitle "EXT 2002"]
[Source "ChessBase"]
[SourceDate "2001.11.25"]
[SourceVersion "1"]
[SourceVersionDate "2001.11.25"]
[SourceQuality "1"]

1. e4 c5 2. c3 e6 3. d4 d5 4. exd5 Qxd5 5. Nf3 Nc6 6. Be2 Nf6 7. 0-0 cxd4 8. cxd4 Be7 9. Nc3 Qd8 10. Be3 0-0 11. Ne5 Bd7 12. Bf3 Rc8 13. Nxd7 Qxd7 14. d5 exd5 15. Nxd5 Nxd5 16. Qxd5 Qxd5 17. Bxd5 b6 18. Bxc6 Rxc6 19. Rac1 1/2-1/2

[Event "Nis op"]
[Site "Nis"]
[Date "1997.??.??"]
[Round "6"]
[White "Kajganovic, Miodrag"]
[Black "Vukovic, Zdravko"]
[Result "1/2-1/2"]
[WhiteElo "2280"]
[BlackElo "2455"]
[PlyCount "81"]
[EventDate "1997.??.??"]
[EventType "swiss"]
[EventRounds "11"]
[EventCountry "YUG"]
[SourceTitle "EXT 2002"]
[Source "ChessBase"]
[SourceDate "2001.11.25"]
[SourceVersion "1"]
[SourceVersionDate "2001.11.25"]
[SourceQuality "1"]

1. d4 d5 2. Nf3 e6 3. Bg5 Nf6 4. Nbd2 Be7 5. e3 c5 6. c3 Nc6 7. Bd3 cxd4 8. exd4 Nh5 9. Be3 Qc7 10. g3 Bd7 11. Qe2 g6 12. Bh6 Bf6 13. 0-0 Bg7 14. Bxg7 Nxg7 15. Ne5 0-0 16. f4 Be8 17. Qe3 f6 18. Nef3 Na5 19. Qe2 Rc8 20. Nb3 Nc4 21. Nc5 Bf7 22. Rfe1 b6 23. Nb3 a5 24. Bxc4 dxc4 25. Nbd2 Be8 26. Rac1 b5 27. b3 cxb3 28. axb3 Bc6 29. c4 Qb7 30. Qf2 Rfd8 31. Rc3 Rc7 32. Rce3 Bxf3 33. Rxf3 bxc4 34. bxc4 Qb2 35. Rd3 Nf5 36. d5 exd5 37. Ne4 Qxf2+ 38. Kxf2 Kf7 39. cxd5 Nd6 40. Nxd6+ Rxd6 41. Re2 1/2-1/2

[Event "Nis op"]
[Site "Nis"]
[Date "1997.??.??"]
[Round "3"]
[White "Ristic, Nenad"]
[Black "Kajganovic, Miodrag"]
[Result "0-1"]
[WhiteElo "2475"]
[BlackElo "2280"]
[PlyCount "64"]
[EventDate "1997.??.??"]
[EventType "swiss"]
[EventRounds "11"]
[EventCountry "YUG"]
[SourceTitle "EXT 2002"]
[Source "ChessBase"]
[SourceDate "2001.11.25"]
[SourceVersion "1"]
[SourceVersionDate "2001.11.25"]
[SourceQuality "1"]

1. d4 Nf6 2. Nf3 g6 3. c4 Bg7 4. Nc3 d5 5. cxd5 Nxd5 6. e4 Nxc3 7. bxc3 0-0 8. Be2 c5 9. Rb1 Nc6 10. d5 Na5 11. c4 b6 12. h4 e6 13. Bg5 f6 14. Bd2 exd5 15. cxd5 Re8 16. Bxa5 bxa5 17. d6 Be6 18. Bb5 Rf8 19. Qd3 Rb8 20. 0-0 Kh8 21. a4 Rb6 22. d7 Qb8 23. Bc6 c4 24. Qc2 Rd8 25. Rfd1 Qc7 26. Rxb6 Qxb6 27. Bb5 Qc7 28. Qd2 c3 29. Qd3 a6 30. Nd4 Bg4 31. f3 axb5 32. fxg4 Rxd7 0-1

[Event "Nis op"]
[Site "Nis"]
[Date "1997.??.??"]
[Round "7"]
[White "Terzic, Goran"]
[Black "Kajganovic, Miodrag"]
[Result "0-1"]
[WhiteElo "2290"]
[BlackElo "2280"]
[PlyCount "82"]
[EventDate "1997.??.??"]
[EventType "swiss"]
[EventRounds "11"]
[EventCountry "YUG"]
[SourceTitle "EXT 2002"]
[Source "ChessBase"]
[SourceDate "2001.11.25"]
[SourceVersion "1"]
[SourceVersionDate "2001.11.25"]
[SourceQuality "1"]

1. e4 Nf6 2. Nc3 d5 3. e5 d4 4. Nce2 Ng4 5. f4 h5 6. Nf3 c5 7. Ng3 h4 8. Ne4 e6 9. Bd3 Be7 10. 0-0 Nh6 11. c3 Nc6 12. a3 Qb6 13. Kh1 Nf5 14. b4 cxb4 15. axb4 dxc3 16. dxc3 Qc7 17. Qe2 b6 18. Bb5 Bd7 19. Qc4 Rc8 20. Ba6 Nb8 21. Qxc7 Rxc7 22. Bd3 Bc6 23. Bd2 Rd7 24. Bc2 0-0 25. Kg1 Rfd8 26. Bc1 a6 27. Kf2 Rc8 28. Bd2 Bb5 29. Rfc1 Nc6 30. g4 hxg3+ 31. hxg3 Nh6 32. Nh2 a5 33. bxa5 Nxa5 34. Rab1 Bc6 35. Be3 Nc4 36. Bd4 Na3 37. Bd3 Nxb1 38. Rxb1 Nf5 39. Nf3 Bc5 40. Ba6 Bxe4 41. Bxc8 Rc7 0-1

[Event "YUG-chT"]
[Site "Vrnjacka Banja"]
[Date "1996.??.??"]
[Round "?"]
[White "Kajganovic, Miodrag"]
[Black "Carnic, Srdjan"]
[Result "1/2-1/2"]
[WhiteElo "2305"]
[BlackElo "2310"]
[PlyCount "30"]
[EventDate "1996.??.??"]
[EventType "team"]
[EventRounds "11"]
[EventCountry "YUG"]
[SourceTitle "EXT 2000"]
[Source "ChessBase"]
[SourceDate "1999.11.16"]
[SourceVersion "1"]
[SourceVersionDate "1999.11.16"]
[SourceQuality "1"]

1. e4 e5 2. Nf3 Nc6 3. Bb5 a6 4. Ba4 d6 5. c3 f5 6. exf5 Bxf5 7. 0-0 Bd3 8. Re1 Be7 9. Re3 e4 10. Ne1 Bg5 11. Rg3 Bh4 12. Bxc6+ bxc6 13. Re3 Bg5 14. Rg3 Bh4 15. Re3 Bg5 1/2-1/2

[Event "YUG-chT"]
[Site "Vrnjacka Banja"]
[Date "1996.??.??"]
[Round "?"]
[White "Kajganovic, Miodrag"]
[Black "Licina, Zoran"]
[Result "0-1"]
[WhiteElo "2305"]
[BlackElo "2230"]
[PlyCount "124"]
[EventDate "1996.??.??"]
[EventType "team"]
[EventRounds "11"]
[EventCountry "YUG"]
[SourceTitle "EXT 2000"]
[Source "ChessBase"]
[SourceDate "1999.11.16"]
[SourceVersion "1"]
[SourceVersionDate "1999.11.16"]
[SourceQuality "1"]

1. d4 Nf6 2. Nc3 d5 3. Bg5 Nbd7 4. Nf3 g6 5. Ne5 Bg7 6. Nxd7 Qxd7 7. e3 0-0 8. Be2 b6 9. 0-0 Bb7 10. a4 a5 11. Re1 Ne8 12. Bb5 c6 13. Bf1 f5 14. Bf4 Nd6 15. Nb1 Nf7 16. c3 Ba6 17. Bxa6 Rxa6 18. Nd2 c5 19. Nf3 Qc6 20. h4 e6 21. h5 Bf6 22. hxg6 hxg6 23. Ne5 Nxe5 24. dxe5 Be7 25. Qf3 c4 26. Qg3 Kg7 27. Red1 Rh8 28. Bg5 Qd7 29. Qf4 Bxg5 30. Qxg5 Qd8 31. Qxd8 Rxd8 32. f3 Ra7 33. Rd2 b5 34. axb5 Rb8 35. Kf2 Rxb5 36. Ke2 g5 37. f4 Kg6 38. Kf3 g4+ 39. Ke2 a4 40. Kd1 Rb3 41. Kc2 a3 42. Rxa3 Raxa3 43. bxa3 Rxa3 44. Kb2 Ra8 45. Rd1 Rh8 46. Rg1 Rh2 47. Ka3 Kh5 48. Kb4 Kh4 49. Kc5 Kg3 50. Kd6 Rh6 51. Ke7 Kf2 52. Ra1 Kxg2 53. Kf7 g3 54. Kg7 Rh1 55. Ra2+ Kf3 56. Kf6 Rh6+ 57. Kg7 Rh2 58. Ra1 g2 59. Rg1 Kf2 60. Rxg2+ Rxg2+ 61. Kf6 Kxe3 62. Kxe6 Kxf4 0-1

[Event "YUG-ch op"]
[Site "Nis"]
[Date "1996.??.??"]
[Round "8"]
[White "Kajganovic, Miodrag"]
[Black "Marjanovic, Slavoljub"]
[Result "1/2-1/2"]
[WhiteElo "2305"]
[BlackElo "2445"]
[PlyCount "57"]
[EventDate "1996.??.??"]
[EventType "swiss"]
[EventRounds "10"]
[EventCountry "YUG"]
[SourceTitle "EXT 1999"]
[Source "ChessBase"]
[SourceDate "1998.11.16"]
[SourceVersion "1"]
[SourceVersionDate "1998.11.16"]
[SourceQuality "1"]

1. e4 c5 2. c3 d5 3. exd5 Qxd5 4. d4 e6 5. Nf3 Nf6 6. Be2 cxd4 7. cxd4 Nc6 8. 0-0 Be7 9. Bf4 0-0 10. Nc3 Qd8 11. Qd2 b6 12. Rfd1 Nb4 13. Ne5 Bb7 14. Rac1 Rc8 15. Bg3 Nfd5 16. a3 Nxc3 17. Rxc3 Rxc3 18. Qxc3 Nd5 19. Qc2 Qa8 20. Bd3 Nf6 21. f3 Rc8 22. Qb1 Bd5 23. Bf2 Rc7 24. Bg3 Rc8 25. Bf2 h6 26. Rc1 Qb7 27. Rxc8+ Qxc8 28. Qc2 Qxc2 29. Bxc2 1/2-1/2